Suite Valenciana : per a guitarra (Record no. 28928)

000 -LEADER
fixed length control field 00627nam a22002177a 4500
003 - CONTROL NUMBER IDENTIFIER
control field OSt
005 - DATE AND TIME OF LATEST TRANSACTION
control field 20260423101708.0
008 - FIXED-LENGTH DATA ELEMENTS--GENERAL INFORMATION
fixed length control field 260423b ||||| |||| 00| 0 eng d
040 ## - CATALOGING SOURCE
Original cataloging agency BSHUA
Language of cataloging Shqip
050 ## - LIBRARY OF CONGRESS CALL NUMBER
Item number 787.61/Ase.
082 ## - DEWEY DECIMAL CLASSIFICATION NUMBER
Item number 787.61/Ase.
100 ## - MAIN ENTRY--PERSONAL NAME
Personal name Asencio, Vicente
245 ## - TITLE STATEMENT
Title Suite Valenciana : per a guitarra
260 ## - PUBLICATION, DISTRIBUTION, ETC. (IMPRINT)
Place of publication, distribution, etc Ancona:
Name of publisher, distributor, etc Berben,
300 ## - PHYSICAL DESCRIPTION
Extent 15 f.;
653 ## - INDEX TERM--UNCONTROLLED
Uncontrolled term Muzika boterore - Muzika spanjolle - Muzika instrumentale - Muzike per kitare - Suite -
-- Kitara solo
700 ## - ADDED ENTRY--PERSONAL NAME
Relator code revisione e diteggiatura di Angelo Gilardino
856 ## - ELECTRONIC LOCATION AND ACCESS
Link text Fulltext
942 ## - ADDED ENTRY ELEMENTS (KOHA)
Source of classification or shelving scheme
Koha item type Music Parts
953 ## - Fulltext
Is Fulltext Available Unavailable
Holdings
Withdrawn status Lost status Source of classification or shelving scheme Damaged status Not for loan Permanent Location Current Location Date acquired Cost, normal purchase price Full call number Barcode Date last seen Price effective from Koha item type
          Biblioteka e Universitetit te Arteve - Fondi i Mbyllur Biblioteka e Universitetit te Arteve - Fondi i Mbyllur 2026-04-23 300.00 787.61/Ase. 68529 2026-04-23 2026-04-23 Music Parts
^
Universiteti i Arteve, Tiranë
Projekt i realizuar më Tetor, 2011.
Powered by: Koha
Developed by: Erjon Sulaj